Countries that Use the Euro - Sudden Death - Statistics

General Stats
  • This quiz has been taken 253,405 times
    89,231 since last reset
  • The average score is 8 of 21
Answers on the Grid
Answers color-coded by a green-red scale on the quiz's grid according to % correct below.
Austria
Belgium
Bulgaria
Croatia
Cyprus
Czech Republic
Denmark
Estonia
Finland
France
Germany
Greece
Hungary
Iceland
Ireland
Italy
Latvia
Lithuania
Luxembourg
Malta
Moldova
Netherlands
North Macedonia
Poland
Portugal
Romania
Serbia
Slovakia
Slovenia
Spain
Sweden
Switzerland
Turkey
Ukraine
United Kingdom
 
Answer Stats
Answer % Correct
Belgium
78%
Austria
77%
France
62%
Germany
57%
Italy
53%
Croatia
47%
Spain
45%
Greece
43%
Portugal
42%
Netherlands
38%
Ireland
36%
Bulgaria
33%
Luxembourg
33%
Cyprus
30%
Estonia
30%
Finland
29%
Malta
24%
Latvia
23%
Lithuania
22%
Slovenia
21%
Slovakia
19%
No matching quizzes found
Score Distribution
Percent of People with Each Score
Percentile by Number Answered
Your Score History
You have not taken this quiz since the last reset